| 000 | 00345nam a2200145Ia 4500 | ||
|---|---|---|---|
| 008 | 191201s2007 xx 000 0 und d | ||
| 082 |
_a658.15 _bBHI |
||
| 100 | _aBHALLA, V K | ||
| 245 | 0 | _aInternational Finance Management | |
| 250 | _a6th | ||
| 260 |
_aN.Delhi _bAnmol Publication _c2007 |
||
| 300 | _a1138 | ||
| 650 | _aMBA | ||
| 942 |
_2ddc _cBK |
||
| 999 |
_c2742 _d2742 |
||